Największe miasta w Hiszpanii - Statystyki

Ogólne statystyki
  • Ten quiz został rozwiązany 333 razy
  • Średni wynik to 7 z 10
Statystyki odpowiedzi
Lp. Liczba Ludności Miasta % Poprawnych
2. 1 600 000 Barcelona
100%
1. 3 280 000 Madryt
100%
4. 700 000 Sewilla
87%
3. 850 000 Walencja
85%
10. 350 000 Bilbao
83%
6. 530 000 Malaga
66%
5. 620 000 Saragossa
62%
8. 370 000 Las Palmas
34%
7. 377.888 Murcja
33%
9. 360 000 Palma de Mallorca
19%
Nie znaleziono quizów pasujących do podanych kryteriów
Rozkład punktacji
Procent ludzi z każdym wynikiem
Percentyl według liczby udzielonych odpowiedzi
Twoja historia wyników
Nie rozwiązałeś tego quizu